000 02041nam0a2200385 4500
001 RU\NLR\bibl\1849325
005 20260406010555.0
010 _a978-5-93932-321-5
_9500
021 _aRU
_b2011-96062
_96888
035 _a(nilc)LIBNET\0000182499
035 _a(NLR Aleph) 001839732
090 _a2255526
_c2255526
100 _a20111121d2011 |||y0rusy50 ca
101 0 _arus
102 _aRU
105 _aa z |||||
200 1 _aИнновационное развитие предприятий реального сектора экономики на основе стратегической интеграции
_fС.А. Измалкова, И.А. Тронина
_gМ-во образования и науки Рос. Федерации, Федерал. гос. образоват. учреждение высш. проф. образования "Гос. ун-т - учеб.-науч.-производств. комплекс"
210 _aОрел
_cГосуниверситет-УНПК
_d2011
215 _a135 с.
_cил.
_d21
320 _aБиблиогр.: с. 126-134 (77 назв.)
606 1 _aМашиностроительная промышленность
_xИнновационная деятельность
_xУправление
_92445459
_3RU\NLR\auth\661454468
606 1 _aЭлектрическая связь
_xПредприятия
_xИнновационная деятельность
_92309169
_3RU\NLR\auth\661382093
686 _a65.291-551
_vLBC/RL
_2rubbk
686 _aУ30(2)585.1-55-21
686 _aУ38(2)6-55
700 1 _4070
_8rus
_7ca
_aИзмалкова
_bС. А.
_gСветлана Александровна
_3RU\NLR\auth\77116035
_998960
701 1 _aТронина
_bИ. А.
_gИрина Алексеевна
_4070
801 0 _aRU
_bОрловская ОПБ
_c20111121
_grcr
801 1 _aRU
_bОрловская ОПБ
_c20111121
_grcr
_2rusmarc
801 2 _aRU
_bNLR
_c20111216
_grcr
830 _aавт. по кн.
942 _cBOOK
980 _aNB
980 _aNBR